<?xml version="1.0" encoding="UTF-8"?>
<marc:record xmlns:marc="http://www.loc.gov/MARC21/slim">
   <marc:leader>00000nam a2200000 a 4500</marc:leader>
   <marc:datafield ind1="1" ind2=" " tag="100">
      <marc:subfield code="a">Droste-Hülshoff, Annette von</marc:subfield>
      <marc:subfield code="4">ctb</marc:subfield>
      <marc:subfield code="e">Mitwirkende/-r</marc:subfield>
   </marc:datafield>
   <marc:datafield ind1=" " ind2=" " tag="653">
      <marc:subfield code="a">Cassette</marc:subfield>
   </marc:datafield>
   <marc:datafield ind1=" " ind2=" " tag="653">
      <marc:subfield code="a">Erzählungen</marc:subfield>
   </marc:datafield>
   <marc:datafield ind1=" " ind2=" " tag="653">
      <marc:subfield code="a">CD</marc:subfield>
   </marc:datafield>
   <marc:datafield ind1="0" ind2="0" tag="245">
      <marc:subfield code="a">Die Judenbuche</marc:subfield>
   </marc:datafield>
   <marc:datafield ind1="0" ind2="0" tag="245">
      <marc:subfield code="b">ungekürzt ; mit dem kompletten Text als PDF-Datei</marc:subfield>
   </marc:datafield>
   <marc:datafield ind1="0" ind2="0" tag="245">
      <marc:subfield code="c">A. Droste-Hülshoff ...</marc:subfield>
   </marc:datafield>
   <marc:datafield ind1=" " ind2="1" tag="264">
      <marc:subfield code="a">Hamburg</marc:subfield>
      <marc:subfield code="b">Hör-Gut-Verl.</marc:subfield>
      <marc:subfield code="c">2004</marc:subfield>
   </marc:datafield>
   <marc:datafield ind1="1" ind2=" " tag="490">
      <marc:subfield code="a">Hör gut Klassik</marc:subfield>
   </marc:datafield>
   <marc:datafield ind1="1" ind2=" " tag="520">
      <marc:subfield code="a">Die Novelle Die Judenbuche erschien1842 zunächst in 16 Fortsetzungen im Morgenblatt für gebildete Leser. Größere Bekanntheit gewann sie ab 1876 mit der Aufnahme in Paul Heyses und Hermann Kurz Deutschen Novellenschatz. Der Stoff zu ihrer wohl bekanntesten Geschichte Die Judenbuche hat Annette von Droste-Hülshoff sehr lange beschäftigt. Schon fünf Jahre vor der Erstveröffentlichung erwähnt sie die &gt;Kriminalgeschichte Friedrich Mergel&lt; in ihren Briefen. Tatsächlich geht die Geschichte auf einen realen Mordfall zurück, der sich fünfzig Jahre zuvor im Gutsbezirk ihres Großvater Werner Adolf von Haxthausen zutrug. Neben psychologischen und moralischen Aspekten interessierte Annette Droste-Hülshoff besonders das fatalistische Verhalten des Mörder. Nach 25 Jahren in der Sklaverei kehrt er an den Ort seiner Tat zurück, eben der Judenbuche, um dort Selbstmord zu begehen. Die HörGut!-CD folgt der ersten Buchausgabe wortgetreu und ungekürzt. Ergänzt wird die Lesung durch eine ausdruckbare PDF mit Worterklärungen.</marc:subfield>
   </marc:datafield>
   <marc:datafield ind1=" " ind2=" " tag="020">
      <marc:subfield code="a">9783938230046</marc:subfield>
      <marc:subfield code="9">9783938230046</marc:subfield>
   </marc:datafield>
   <marc:datafield ind1=" " ind2=" " tag="020">
      <marc:subfield code="a">3938230045</marc:subfield>
      <marc:subfield code="9">3938230045</marc:subfield>
   </marc:datafield>
   <marc:datafield ind1=" " ind2=" " tag="041">
      <marc:subfield code="a">ger</marc:subfield>
   </marc:datafield>
   <marc:datafield ind1=" " ind2=" " tag="300">
      <marc:subfield code="a">2 CDs (Audio und ROM)</marc:subfield>
   </marc:datafield>
</marc:record>
